000 00703nam a2200229Ia 4500
003 GCL
008 140319s9999 xx 000 0 ara d
040 _aGCL /
_cGCL
082 0 4 _a327.114
_bر ص
100 1 _aرفعت سيد احمد
245 1 0 _aالصراع المائى بين العرب واسرائيل /
_cرفعت سيد احمد
260 _a[S.N] :
_bدار الهدى ،
_c1993
300 _a387 ص
490 _a
650 0 4 _aالعالم العربى
650 0 4 _aالنزاع العربى الاسرائيلى
650 0 4 _aالشرق الاوسط
650 0 4 _aاسرائيل
650 0 4 _aالمنازعات الدولية
650 0 4 _aالمياه
942 _2ddc
_cBK
999 _c28499
_d28499